Proceedings of the United States Naval Institute

Detalles Bibliográficos
Título anterior:Record of the United States Naval Institute
Naval review (Annapolis, Md.)
Autor Corporativo: United States Naval Institute
Formato: Electrónico Revista
Lenguaje:inglés
Publicado: Annapolis, Md. : U.S. Naval Institute, 1879-
Materias:
Acceso en línea:Full text available from Research Library: 02/01/1997 to 10/31/2017

MARC

LEADER 00000nas a2200000 a 4500
001 ssj0000323
003 WaSeSS
005 20200512172242.0
006 m d
007 cr n
008 761012c18799999mdumr p s 0 a0eng c
010 |a  64054905   |z sc 78001582  
016 7 |a P43550000  |2 DNLM 
016 7 |a 007872797  |2 Uk 
022 |l 0041-798X  |y 0041-798X 
032 |a 645940  |b USPS 
035 |a (WaSeSS)ssj0000323 
040 |a NSD  |b eng  |c NSD  |d DLC  |d NSD  |d DLC  |d RCS  |d NST  |d DLC  |d AIP  |d NSD  |d OCL  |d AIP  |d NST  |d OCL  |d DLC  |d NST  |d DLC  |d OCL  |d NST  |d OCL  |d NST  |d DLC  |d WAU  |d IUL  |d SYS  |d OCLCQ  |d UMC  |d CDS  |d OCLCQ  |d CLU  |d AMAZN  |d OCLCQ  |d UKMGB  |d OCLCQ  |d OCLCF  |d OCLCA  |d DOS  |d LIP  |d XFH  |d GILDS  |d OCLCO  |d CSA  |d OCLCO  |d TYC  |d U3G  |d DCHUA  |d OCLCO  |d CPO  |d OCLCO  |d OCL  |d WaSeSS 
042 |a nsdp  |a pcc 
043 |a n-us--- 
050 0 0 |a V1  |b .U8 
050 1 4 |a VA49  |b .P763 
082 0 4 |a 359 
210 0 |a Proc.- U.S. Nav. Inst. 
222 0 |a Proceedings - United States Naval Institute 
245 0 0 |a Proceedings of the United States Naval Institute  |h [electronic resource]. 
246 1 |i Issues for <Sept. 2007-> have title:  |a Proceedings 
246 3 |a United States Naval Institute proceedings 
246 3 |a Naval Institute proceedings 
246 3 |a U.S. Naval Institute proceedings 
246 1 6 |a Record of the United States Naval Institute  |f 1879 
260 |a Annapolis, Md. :  |b U.S. Naval Institute,  |c 1879- 
310 |a Monthly,  |b 1917- 
321 |a Irregular,  |b 1879-1880 
321 |a Quarterly,  |b 1881-1913 
321 |a Bimonthly,  |b 1914-1916 
362 0 |a Vol. 5, no. 3- 
500 |a Title varies slightly. 
500 |a At head of title, 1991-<Aug. 1994>: Naval Institute; <Apr. 1999->: U.S. Naval Institute. 
500 |a Title from cover. 
506 |a License restrictions may limit access. 
515 |a Issues for <May 1905-Dec. 1987> called also whole no. <524-1018> 
515 |a Vol. 5, no. 3 misnumbered no. 7 on cover. 
555 |a Vols. 1 (1874)-103 (1977). 1 v. (Includes index to the proceedings under its earlier title). 
580 |a May issue of vols. for 197<6>- called also: Naval review (Annapolis, Md.), ISSN 0077-6238, previously issued separately. 
588 |a Latest issue consulted: Feb. 2008. 
650 0 |a Naval art and science  |v Periodicals. 
650 7 |a Naval art and science.  |2 fast  |0 (OCoLC)fst01034937 
655 0 |a Electronic journals. 
710 2 |a United States Naval Institute. 
730 0 |a Naval review (Annapolis, Md.) 
780 0 0 |t Record of the United States Naval Institute  |w (DLC) 90648349  |w (OCoLC)8938737 
780 1 5 |t Naval review (Annapolis, Md.)  |x 0077-6238  |g 197<6>  |w (DLC) 62021028  |w (OCoLC)1771669 
850 |a AU  |a DLC  |a IaAS  |a InU  |a KMK  |a MH-SI  |a MnU  |a NNC  |a NcD  |a NcRS  |a NvU  |a PU  |a ViBlbV  |a ViU  |a ViW  |a WaU 
853 0 3 |8 1  |a v.  |b (*)  |g (*)  |i (year)  |j (month) 
853 2 0 |8 2  |a v.  |b no.  |u 12  |v r  |i (year)  |j (month)  |w m  |x 01 
856 4 0 |z Full text available from Research Library: 02/01/1997 to 10/31/2017  |u https://search.proquest.com/publication/41313 
863 4 0 |8 1  |a <1>-  |g <1>-  |i <1874>-  |x provisional 
863 4 1 |8 2.1  |a <130>  |b <1 >  |g <1211>  |i <2004>  |j <01 >